| 000 | 00517cam a22002171 4500 | ||
|---|---|---|---|
| 001 | sa 66000895 | ||
| 003 | DLC | ||
| 005 | 20260227112218.0 | ||
| 008 | 900112s1963 ii 000 0 tamo | ||
| 010 | _asa 66000895 | ||
| 035 | _a(OCoLC)20881556 | ||
| 040 |
_aDLC _cWaU _dDLC |
||
| 042 | _apremarc | ||
| 050 | 0 | 0 |
_aBL1219 _b.R3 |
| 100 | 2 | _aRadhakrishna Pillai, M. | |
| 245 | 1 | 0 | _aPir̲kāla vaiṇavam. |
| 260 | _c[1963] | ||
| 300 |
_a159 p. _c18 cm. |
||
| 500 | _aIn Tamil. | ||
| 650 | 0 | _aVishnu (Hindu deity) | |
| 999 |
_c67487 _d67487 |
||